Preaching the prophets with honor (Registro nro. 68831)
[ vista simple ]
| 000 -LÍDER | |
|---|---|
| Campo fijo de descripción fija | 01151cab a2200217 i 4500 |
| 001 - NÚMERO DE CONTROL | |
| Campo de control | 768714001 |
| 003 - IDENTIFICADOR DEL NÚMERO DE CONTROL | |
| Campo de control | CO-MdFUSB |
| 005 - FECHA Y HORA DE LA ULTIMA TRANSACCIÓN | |
| control field | 20240426103455.0 |
| 008 - ELEMENTOS DE LONGITUD FIJA -- INFORMACIÓN GENERAL | |
| Campo fijo de descripción fija -- Información general | 230503s1997 us ||||| |||| 00| 0 eng d |
| 040 ## - FUENTE DE CATALOGACIÓN | |
| Idioma de catalogación | eng |
| Agencia Catalogadora | CO-MdFUSB |
| Agencia que realiza la transcripción | CO-MdFUSB |
| Agencia que realiza la modificación | CO-MdFUSB |
| 041 ## - CÓDIGO DE IDIOMA | |
| Código de idioma para texto/pista de sonido o título separado | eng |
| 100 ## - ASIENTO PRINCIPAL--NOMBRE PERSONAL | |
| Nombre personal | Achtemeier, Elizabeth. |
| Término relacionador | autor |
| 245 1# - TÍTULO | |
| Título | Preaching the prophets with honor |
| Subtitulo | : how to accurately present these overlooked books |
| Mención de responsabilidad | / Elizabeth Achtemeier |
| 300 ## - DESCRIPCIÓN FÍSICA | |
| Extensión | Volumen 18, número 4 (Fall 1997), páginas 57 - 59 |
| Dimensiones | ; 27 cm. |
| 520 ## - NOTA DE RESUMEN, ETC. | |
| Nota de sumario, etc. | En las iglesias, solo una proporción mínima de las predicaciones son acerca de la literatura profética de la Biblia ¿Cómo se puede predicar correctamente acerca de los profetas? ¿Qué realmente significa ser profético? He aquí ciertas respuestas una los expertos acerca de las cuatro cualidades de los profetas, cualidades que un sermón debería predicar. |
| 546 ## - NOTA DE IDIOMA | |
| Nota de idioma | Texto en Inglés |
| 630 07 - PUNTO DE ACCESO ADICIONAL DE MATERIA - TÍTULO UNIFORME | |
| Título uniforme | Biblia. |
| Parte o sección de la obra | Profetas |
| 650 #0 - ASIENTO SECUNDARIO DE MATERIA - TERMINO TEMÁTICO | |
| 9 (RLIN) | 54 |
| Término temático o nombre geográfico como elemento de entrada | Predicación |
| 773 0# - ASIENTO DE ITEM FUENTE | |
| Biblionumber | 68780 |
| Itemnumber | 81930 |
| Otro identificador del ítem | R2460 |
| Título | Leadership : |
| Número de control del registro | (CO-MdFUSB)768714001 |
| Parte(s) relacionada(s) / Volumen., número. (mes año), páginas | Volumen 18, número 4 (Fall 1997), páginas 57 - 59 ; |
| Enumeración y primera página | página 57 |
| 942 ## - TIPO DE MATERIAL (KOHA) | |
| Tipo de Item KOHA | Artículos de Revista |
No hay ítems disponibles.
